[Event "Bundesliga 2014-15"]
[Site "Bremen GER"]
[Date "2014.10.18"]
[Round "1.1"]
[Board "8"]
[White "Fish, Gennadij"]
[Black "Carlstedt, Jonathan"]
[Result "1/2-1/2"]
[WhiteTitle "GM"]
[BlackTitle "IM"]
[WhiteElo "2466"]
[BlackElo "2440"]
[WhiteTeam "Werder Bremen"]
[BlackTeam "Hamburger SK"]
[WhiteFideId "14102803"]
[BlackFideId "24614386"]
[EventDate "2014.10.18"]
[EventType "team"]

1. d4 Nf6 2. c4 e6 3. Nc3 Bb4 4. e3 O-O 5. Bd3 d5 6. Nf3 c5 7. O-O Nc6 8. a3
Bxc3 9. bxc3 dxc4 10. Bxc4 Qc7 11. Bb2 e5 12. h3 e4 13. Nd2 Bf5 14. Bb5 a6 15.
Bxc6 Qxc6 16. c4 Rad8 17. Qe2 Rfe8 18. Rab1 b6 19. Rfd1 Bg6 20. Nf1 Rb8 21. Ng3
Nd7 22. h4 h6 23. Rbc1 cxd4 24. exd4 Qe6 25. h5 Bh7 26. Re1 f5 27. Qe3 Qf7 28.
Qf4 Rbc8 29. f3 exf3 30. Rxe8+ Rxe8 31. Qxf3 f4 32. Ne2 Re3 33. Qf2 Rb3 34. Bc3
Qxh5 35. Nxf4 Qg4 36. Qe3 Nf6 37. Qe6+ Qxe6 38. Nxe6 Kf7 39. d5 Rxa3 40. Bd4 Rb3
41. Nxg7 Rb1 42. Rxb1 Bxb1 43. Ne6 Ba2 44. Nd8+ Kg6 45. Bxb6 Bxc4 46. d6 Nd7 47.
Bd4 Kf5 48. Nb7 1/2-1/2

[Event "Bundesliga 2014-15"]
[Site "Bremen GER"]
[Date "2014.10.18"]
[Round "1.2"]
[Board "4"]
[White "Grandelius, Nils"]
[Black "Gruenberg, Hans-Ulrich"]
[Result "1/2-1/2"]
[WhiteTitle "GM"]
[BlackTitle "IM"]
[WhiteElo "2569"]
[BlackElo "2377"]
[WhiteTeam "SK Turm Emsdetten"]
[BlackTeam "SSC Rostock 07"]
[WhiteFideId "1710400"]
[BlackFideId "4611306"]
[EventDate "2014.10.18"]
[EventType "team"]

1. e4 c6 2. d4 d5 3. exd5 cxd5 4. c4 Nf6 5. Nc3 dxc4 6. Bxc4 e6 7. Nf3 Nc6 8. a3
Be7 9. O-O O-O 10. Be3 b6 11. Qd3 Bb7 12. Ba2 Nd5 13. Ne4 Nxe3 14. fxe3 Nb8 15.
Rf2 Nd7 16. Rd1 Bxe4 17. Qxe4 Nf6 18. Qd3 Ng4 19. Re2 Qd6 20. h3 Nf6 21. e4 Qg3
22. Ne5 Qxd3 23. Rxd3 Rac8 24. Rd1 Rc7 25. Kf2 Rd8 26. Kf3 Kf8 27. Red2 h6 28.
g3 Nd7 29. Nc4 Nf6 30. Ne3 g6 31. h4 h5 32. d5 exd5 33. e5 Ne8 34. Rxd5 Rxd5 35.
Nxd5 Rc2 36. e6 fxe6 37. Nf4 Rxb2 38. Bxe6 Bc5 39. Ke4 Nf6+ 40. Ke5 Kg7 41. Bc4
Ng4+ 42. Ke6 Nf6 43. Ke5 Ng4+ 44. Ke6 Nf6 45. Rd8 Rb1 46. Rd2 Ng4 1/2-1/2

[Event "Bundesliga 2014-15"]
[Site "Bremen GER"]
[Date "2014.10.18"]
[Round "1.2"]
[Board "5"]
[White "Tomczak, Rafal"]
[Black "Pruijssers, Roeland"]
[Result "1/2-1/2"]
[WhiteTitle "FM"]
[BlackTitle "GM"]
[WhiteElo "2374"]
[BlackElo "2511"]
[WhiteTeam "SSC Rostock 07"]
[BlackTeam "SK Turm Emsdetten"]
[WhiteFideId "1116053"]
[BlackFideId "1013068"]
[EventDate "2014.10.18"]
[EventType "team"]

1. e4 e5 2. Nf3 Nc6 3. Bb5 Bc5 4. O-O Nd4 5. Nxd4 Bxd4 6. c3 Bb6 7. d4 c6 8. Ba4
d6 9. dxe5 dxe5 10. Qxd8+ Bxd8 11. Be3 Nf6 12. f3 Bb6 13. Kf2 Be6 14. Rd1 Ke7
15. Na3 Rhd8 16. Bb3 Bxe3+ 17. Kxe3 b5 18. Nc2 Rxd1 19. Rxd1 a5 20. Bxe6 Kxe6
21. a4 bxa4 22. Na3 Nd7 23. Nc4 Ra6 24. g3 g6 25. h4 f6 26. f4 Ke7 27. Rd6 h5
28. Kf3 exf4 29. gxf4 Nc5 30. e5 fxe5 31. fxe5 Ne6 32. Ne3 Kf7 33. Nd5 Nc5 34.
e6+ Nxe6 35. Rxe6 Kxe6 36. Nc7+ Kd6 37. Nxa6 Kd5 38. Kf4 Kc4 39. Kg5 Kb3 40.
Nc5+ Kxb2 41. Nxa4+ Kb3 42. Nb6 Kxc3 43. Kxg6 Kb4 44. Kxh5 a4 45. Nxa4 Kxa4 46.
Kg4 c5 47. h5 c4 1/2-1/2

[Event "Bundesliga 2014-15"]
[Site "Eppingen GER"]
[Date "2014.10.18"]
[Round "1.3"]
[Board "5"]
[White "Berndt, Stephan"]
[Black "Guliyev, Namig"]
[Result "1-0"]
[WhiteTitle "IM"]
[BlackTitle "GM"]
[WhiteElo "2441"]
[BlackElo "2556"]
[WhiteTeam "SF Berlin 1903"]
[BlackTeam "SC Eppingen"]
[WhiteFideId "4615468"]
[BlackFideId "13400363"]
[EventDate "2014.10.18"]
[EventType "team"]

1. e4 c5 2. Nf3 d6 3. d4 cxd4 4. Nxd4 Nf6 5. Nc3 a6 6. Bc4 e6 7. Bb3 Nbd7 8. Qe2
Nc5 9. Bg5 h6 10. Bh4 Be7 11. O-O-O Qc7 12. Bg3 b5 13. e5 dxe5 14. Bxe5 Qb7 15.
f4 O-O 16. g4 b4 17. g5 hxg5 18. fxg5 Nh7 19. Na4 Nxb3+ 20. axb3 Bxg5+ 21. Kb1
f6 22. Bd6 Rd8 23. Nf3 Qb5 24. Qe4 Bb7 25. Qxe6+ Kh8 26. Rhf1 Re8 27. Qh3 Re3
28. Bc5 Bxf3 29. Rxf3 Qe2 30. Rd3 Re4 31. Qf5 Bh6 32. Rf2 Qe1+ 33. Ka2 Rae8 34.
Rf1 Qh4 35. Rfd1 Qxh2 36. Rd8 Qe2 37. R1d7 Ng5 38. Qg6 Nh7 39. Bxb4 Re6 40. Nc3
Qe5 41. Nd5 f5 42. Rxe8+ Rxe8 43. Bc3 Nf8 44. Qf7 Nxd7 45. Bxe5 Rxe5 46. Qxd7
Kh7 47. Qf7 1-0

[Event "Bundesliga 2014-15"]
[Site "Solingen GER"]
[Date "2014.10.18"]
[Round "1.5"]
[Board "4"]
[White "Naumann, Alexander"]
[Black "Jorczik, Julian"]
[Result "0-1"]
[WhiteTitle "GM"]
[BlackTitle "IM"]
[WhiteElo "2560"]
[BlackElo "2400"]
[WhiteTeam "SG Solingen"]
[BlackTeam "FC Bayern Muenchen"]
[WhiteFideId "4623169"]
[BlackFideId "24611719"]
[EventDate "2014.10.18"]
[EventType "team"]

1. d4 Nf6 2. c4 g6 3. Nc3 Bg7 4. e4 d6 5. f3 O-O 6. Nge2 c5 7. d5 a6 8. a4 e6 9.
Ng3 exd5 10. cxd5 Nbd7 11. Be2 h5 12. O-O h4 13. Nh1 Nh5 14. Be3 f5 15. f4 fxe4
16. Bxh5 gxh5 17. Qxh5 Nf6 18. Qxh4 Ng4 19. Qxd8 Rxd8 20. Rfe1 Nxe3 21. Rxe3 Bd4
22. Re1 b5 23. Nf2 Bxe3 24. Rxe3 bxa4 25. Nfxe4 Rb8 26. Nxa4 Rb4 27. Nac3 Bf5
28. Ng3 Bc2 29. Re2 Rxb2 30. Nf5 Rdb8 31. Nxd6 Bd3 32. Re3 c4 33. h4 R2b3 34.
Ne2 Rd8 35. Ne4 Kf8 36. Nd4 Rb1+ 37. Kh2 Rxd5 38. Ne6+ Kf7 39. Nc3 Rbb5 40. g4
Rb2+ 41. Kg3 Rd6 42. Nc5 Rc2 43. N3a4 Re2 44. Rxe2 Bxe2 45. Nc3 Bd1 46. f5 Bc2
47. h5 a5 48. Kf4 Rd4+ 49. Kf3 a4 50. h6 a3 51. h7 Rd8 52. Ne6 Rh8 53. Kf4 Ke7
54. Ng5 Bb1 55. Nd5+ Kf8 56. Ne6+ Ke8 57. g5 a2 58. g6 a1=Q 59. g7 Kf7 60. f6
Kxe6 61. gxh8=Q Qe5+ 62. Kg4 Bf5+ 63. Kf3 Qxd5+ 64. Kf2 Qd4+ 65. Kf3 Be4+ 66.
Kg3 Qe3+ 67. Kh4 Qf2+ 68. Kg4 Bf5+ 0-1

[Event "Bundesliga 2014-15"]
[Site "Bremen GER"]
[Date "2014.10.19"]
[Round "2.2"]
[Board "4"]
[White "Rogozenco, Dorian"]
[Black "Grandelius, Nils"]
[Result "1/2-1/2"]
[WhiteTitle "GM"]
[BlackTitle "GM"]
[WhiteElo "2508"]
[BlackElo "2569"]
[WhiteTeam "Hamburger SK"]
[BlackTeam "SK Turm Emsdetten"]
[WhiteFideId "1210319"]
[BlackFideId "1710400"]
[EventDate "2014.10.18"]
[EventType "team"]

1. d4 Nf6 2. c4 e6 3. Nc3 Bb4 4. Qc2 b6 5. e4 c5 6. d5 Qe7 7. Bd3 exd5 8. cxd5
c4 9. Bxc4 Qxe4+ 10. Qxe4+ Nxe4 11. Ne2 Ba6 12. Bxa6 Nxa6 13. O-O Nxc3 14. Nxc3
Bxc3 15. bxc3 O-O 16. Be3 Rfc8 17. Bd4 Nc7 18. c4 f6 19. Rfc1 Kf7 20. a4 Ne8 21.
c5 Rc7 22. cxb6 Rxc1+ 23. Rxc1 axb6 24. Rc4 Ra6 25. h3 Nd6 26. Rb4 Nc8 27. Be3
Ne7 28. Rxb6 Rxa4 29. Rb7 Ra1+ 30. Kh2 Rd1 31. Rxd7 Rxd5 1/2-1/2

[Event "Bundesliga 2014-15"]
[Site "Hamburg GER"]
[Date "2014.11.07"]
[Round "7.3"]
[Board "7"]
[White "Becker, Michael1"]
[Black "Heinemann, Thies"]
[Result "0-1"]
[WhiteTitle "FM"]
[BlackTitle "IM"]
[WhiteElo "2321"]
[BlackElo "2473"]
[WhiteTeam "SSC Rostock 07"]
[BlackTeam "Hamburger SK"]
[WhiteFideId "4611667"]
[BlackFideId "4601556"]
[EventDate "2014.10.18"]
[EventType "team"]

1. e4 c5 2. Nf3 d6 3. c3 Nf6 4. Qc2 Qc7 5. Bb5+ Nbd7 6. O-O a6 7. Be2 b6 8. d3
g6 9. Bf4 Bg7 10. Nbd2 O-O 11. Rfe1 Bb7 12. h3 e5 13. Bh2 d5 14. Bf1 Rfe8 15. a4
Re7 16. Rac1 Rae8 17. b4 Qc8 18. bxc5 dxe4 19. Nxe4 Nxe4 20. dxe4 Nxc5 21. Rb1
Bc6 22. a5 bxa5 23. Nd2 Rb7 24. Qa2 Rxb1 25. Qxb1 Qc7 26. Qa2 Bb5 27. Nc4 Na4
28. Qb3 Rc8 29. Rd1 Bxc4 30. Qxa4 Bxf1 31. Rxf1 Qxc3 32. Bg3 Qb4 33. Qd7 Rb8 34.
Qd5 Qb5 35. Qa2 a4 36. Ra1 a5 37. Qxa4 Qxa4 38. Rxa4 Ra8 39. f3 Bf6 40. Kf1 Kf8
41. Ke2 Ke8 42. Be1 Bd8 43. Kd3 Kd7 44. Kc4 Ke6 45. Bc3 h5 46. g3 Bc7 47. Bd2
Rd8 48. Be3 Rd1 49. Ra2 Rf1 50. Bf2 Bd6 51. Kb5 Rb1+ 52. Kc4 Rb4+ 53. Kc3 a4 54.
Rb2 Rxb2 55. Kxb2 Bb4 56. Kc2 Kd6 57. Kd3 Kc6 58. Kc4 a3 59. Kb3 Kb5 60. f4 a2
61. Kxa2 Kc4 62. fxe5 Bc3 63. Kb1 Kd3 0-1

[Event "Bundesliga 2014-15"]
[Site "Hamburg GER"]
[Date "2014.11.08"]
[Round "3.4"]
[Board "5"]
[White "Zeller, Frank"]
[Black "Gruenberg, Hans-Ulrich"]
[Result "1/2-1/2"]
[WhiteTitle "IM"]
[BlackTitle "IM"]
[WhiteElo "2445"]
[BlackElo "2377"]
[WhiteTeam "SK Schwaebisch Hall"]
[BlackTeam "SSC Rostock 07"]
[WhiteFideId "4613007"]
[BlackFideId "4611306"]
[EventDate "2014.10.18"]
[EventType "team"]

1. e4 e6 2. d4 d5 3. Nc3 dxe4 4. Nxe4 Bd7 5. Nf3 Bc6 6. Bd3 Nd7 7. Qe2 Be7 8. c3
Ngf6 9. Ned2 O-O 10. O-O Re8 11. Nc4 Bb5 12. a4 Ba6 13. b4 Bxc4 14. Bxc4 a6 15.
Re1 c6 16. Bd2 Nd5 17. Bd3 g6 18. g3 b5 19. h4 Bf6 20. h5 Qe7 21. Qe4 Bg7 22.
hxg6 hxg6 23. Kg2 Qd6 24. Qh4 e5 25. Rh1 N5f6 26. Bh6 Qf8 27. dxe5 Nxe5 28. Bxg7
Qxg7 29. Nxe5 Rxe5 30. axb5 cxb5 31. Rhd1 Nh5 32. Qd4 Qf6 33. f4 Qc6+ 34. Kf2
Ree8 35. Bf1 Rad8 36. Qxd8 Rxd8 37. Rxd8+ Kg7 38. Rd3 Nf6 39. Bg2 Ng4+ 40. Kg1
Qb6+ 41. Rd4 Qe6 42. Rd3 Qb6+ 43. Rd4 Qe6 44. Rd3 Qe2 45. Rf3 Ne3 46. Rf2 Qd3
47. Rc1 Ng4 48. Rf3 Qd2 49. Rcf1 Ne3 50. R1f2 Qxc3 51. Bh3 f5 52. Re2 Qc1+ 53.
Kh2 Nd5 54. Rd3 Nxf4 55. gxf4 Qxf4+ 56. Rg3 g5 57. Rg2 g4 58. Bxg4 fxg4 59. Kg1
Qd4+ 60. Kh2 1/2-1/2

[Event "Bundesliga 2014-15"]
[Site "Hamburg GER"]
[Date "2014.11.08"]
[Round "3.4"]
[Board "8"]
[White "Skibbe, Willi"]
[Black "Pogan, Nikolas"]
[Result "1-0"]
[WhiteTitle "FM"]
[BlackTitle "FM"]
[WhiteElo "2274"]
[BlackElo "2301"]
[WhiteTeam "SSC Rostock 07"]
[BlackTeam "SK Schwaebisch Hall"]
[WhiteFideId "4682190"]
[BlackFideId "24673579"]
[EventDate "2014.10.18"]
[EventType "team"]

1. c4 Nf6 2. Nc3 e6 3. d4 Bb4 4. e3 O-O 5. Ne2 d5 6. a3 Bd6 7. cxd5 exd5 8. Ng3
Re8 9. Bd3 c6 10. O-O a5 11. Qc2 Nbd7 12. Nf5 Bf8 13. f3 g6 14. Ng3 c5 15. Kh1
c4 16. Be2 h5 17. Rd1 h4 18. Nf1 Nb6 19. e4 h3 20. Bg5 hxg2+ 21. Kxg2 Be7 22.
Ng3 Nh5 23. Be3 Bg5 24. Qd2 Bxe3 25. Qxe3 Qh4 26. Nxh5 Qxh5 27. Qf4 Be6 28. Qc7
Nd7 29. Qg3 Nf6 30. e5 Nh7 31. f4 Qf5 32. Rac1 Kh8 33. h3 g5 34. Rf1 gxf4 35.
Rxf4 Qg5 36. Qxg5 Nxg5 37. h4 Ne4 38. Nxe4 dxe4 39. Kf2 Bd5 40. Rxc4 Rac8 41. b3
b5 42. Rxc8 Rxc8 43. Bxb5 Rc2+ 44. Ke1 Kg7 45. Bc4 Bxc4 46. bxc4 Rxc4 47. Rxe4
Ra4 48. Kd2 Rxa3 49. Rf4 Rb3 50. Kc2 a4 51. Rf6 Rh3 52. Ra6 Rxh4 53. Kc3 Rh3+
54. Kb4 Rd3 55. Kc4 Ra3 56. Kd5 Ra1 57. Kd6 a3 58. d5 a2 59. Ra8 Kg6 60. Ra3 Kg7
61. Rg3+ Kf8 62. Rg2 f6 63. e6 f5 64. Rh2 f4 65. e7+ 1-0

[Event "Bundesliga 2014-15"]
[Site "Berlin GER"]
[Date "2014.11.08"]
[Round "3.5"]
[Board "2"]
[White "Vocaturo, Daniele"]
[Black "Bok, Benjamin"]
[Result "1/2-1/2"]
[WhiteTitle "GM"]
[BlackTitle "GM"]
[WhiteElo "2590"]
[BlackElo "2591"]
[WhiteTeam "SF Berlin 1903"]
[BlackTeam "SF Katernberg"]
[WhiteFideId "813192"]
[BlackFideId "1017063"]
[EventDate "2014.10.18"]
[EventType "team"]

1. e4 c5 2. Nf3 e6 3. d4 cxd4 4. Nxd4 Nc6 5. Nc3 Qc7 6. f4 a6 7. Nxc6 bxc6 8.
Bd3 d5 9. O-O Nf6 10. Qe2 Be7 11. Bd2 Bb7 12. Rae1 g6 13. f5 Nxe4 14. Bxe4 dxe4
15. Nxe4 O-O-O 16. fxe6 f5 17. Ng5 Rhe8 18. Bf4 Bd6 19. Qf2 Re7 20. Bxd6 Rxd6
21. Rd1 c5 22. Rxd6 Qxd6 23. Re1 Kb8 24. c4 Qc7 25. Nf3 Be4 26. Ng5 Bb7 27. Qh4
Qc6 28. Re2 Qd6 29. Qf2 Qd3 30. Qf4+ Ka7 31. Rd2 Qb1+ 32. Qf1 Qxf1+ 33. Kxf1 Bc6
34. Re2 h6 35. Nf7 Be4 36. Rd2 Rxe6 37. Nxh6 Bb1 38. b3 Kb6 39. Nf7 Ka5 40. a3
Rb6 41. b4+ cxb4 42. c5 bxa3 43. cxb6 Kxb6 44. Ne5 a2 45. Rxa2 Bxa2 46. Nxg6 a5 1/2-1/2

[Event "Bundesliga 2014-15"]
[Site "Muelheim GER"]
[Date "2014.11.09"]
[Round "4.2"]
[Board "8"]
[White "Janssen, Ruud"]
[Black "Dinstuhl, Volkmar"]
[Result "1/2-1/2"]
[WhiteTitle "GM"]
[BlackTitle "IM"]
[WhiteElo "2460"]
[BlackElo "2411"]
[WhiteTeam "SK Turm Emsdetten"]
[BlackTeam "SV Muelheim Nord"]
[WhiteFideId "1004816"]
[BlackFideId "4613562"]
[EventDate "2014.10.18"]
[EventType "team"]

1. c4 e5 2. Nc3 Bb4 3. e4 Nf6 4. Nge2 O-O 5. g3 d6 6. Bg2 Be6 7. d3 a5 8. O-O c6
9. f4 b5 10. f5 Bc8 11. h3 Nbd7 12. g4 h6 13. Kh2 Ba6 14. cxb5 cxb5 15. Ng3 Bxc3
16. bxc3 Rc8 17. h4 Rxc3 18. g5 hxg5 19. hxg5 Nh7 20. Qh5 b4 21. f6 Bxd3 22.
fxg7 Kxg7 23. Qh6+ Kh8 24. Nf5 Rg8 25. Nxd6 Bc4 26. Rxf7 Nf8 27. g6 Rxg6 28.
Rxf8+ Qxf8 29. Qxg6 Rxc1 30. Rxc1 Qf4+ 31. Qg3 Qxc1 32. Qxe5+ Kg8 33. Qg3+ Kh8
34. Qe5+ Kg8 35. Nf5 Qg5 36. Qxa5 Qf4+ 37. Kh1 Qc1+ 38. Kh2 Qf4+ 39. Kg1 Qc1+
40. Kf2 Qf4+ 41. Bf3 Qh2+ 42. Bg2 Qf4+ 43. Kg1 Qc1+ 44. Kh2 Qf4+ 45. Kg1 1/2-1/2

[Event "Bundesliga 2014-15"]
[Site "Hamburg GER"]
[Date "2014.11.09"]
[Round "4.3"]
[Board "1"]
[White "Tomczak, Jacek"]
[Black "Bezold, Michael"]
[Result "1/2-1/2"]
[WhiteTitle "GM"]
[BlackTitle "GM"]
[WhiteElo "2560"]
[BlackElo "2520"]
[WhiteTeam "SSC Rostock 07"]
[BlackTeam "FC Bayern Muenchen"]
[WhiteFideId "1124668"]
[BlackFideId "4601718"]
[EventDate "2014.10.18"]
[EventType "team"]

1. e4 c5 2. Nf3 e6 3. d4 cxd4 4. Nxd4 a6 5. Nc3 b5 6. Bd3 d6 7. f4 Bb7 8. a3 Nf6
9. Qf3 g6 10. Be3 Nbd7 11. O-O Rc8 12. Nde2 h5 13. Kh1 Qc7 14. Qh3 Be7 15. Rae1
Qb8 16. Bd4 e5 17. fxe5 dxe5 18. Be3 Ng4 19. Bd2 Qd6 20. Qg3 Nc5 21. Rd1 Qe6 1/2-1/2

[Event "Bundesliga 2014-15"]
[Site "Berlin GER"]
[Date "2014.11.09"]
[Round "4.6"]
[Board "1"]
[White "Melkumyan, Hrant"]
[Black "Donchenko, Alexander"]
[Result "1-0"]
[WhiteTitle "GM"]
[BlackTitle "IM"]
[WhiteElo "2678"]
[BlackElo "2501"]
[WhiteTeam "SF Berlin 1903"]
[BlackTeam "SC Hansa Dortmund"]
[WhiteFideId "13302485"]
[BlackFideId "24603295"]
[EventDate "2014.10.18"]
[EventType "team"]

1. c4 Nf6 2. d4 e6 3. Nc3 Bb4 4. Bg5 c5 5. d5 exd5 6. cxd5 d6 7. e3 Nbd7 8. Bd3
Qa5 9. Ne2 Nxd5 10. O-O Bxc3 11. bxc3 c4 12. Bc2 Nxc3 13. Nxc3 Qxc3 14. Qxd6 Qe5
15. Bf4 Qxd6 16. Bxd6 Nf6 17. e4 Bd7 18. Rfd1 Bc6 19. Rd4 b5 20. a4 a6 21. e5
Nd7 22. Rad1 Nf8 23. axb5 axb5 24. Bb4 Ne6 25. Rd6 Rc8 26. Bf5 O-O 27. Rxe6 fxe6
28. Bxe6+ Kh8 29. Bxc8 Rxc8 30. e6 Be8 31. f4 Kg8 32. Bc3 Rb8 33. Ra1 b4 34. Be5
Rb6 35. f5 Bc6 36. Rd1 Kf8 37. Rd7 Rb7 38. Bxg7+ Ke8 39. Rxb7 Bxb7 40. f6 1-0

[Event "Bundesliga 2014-15"]
[Site "Schwaebisch Hall GER"]
[Date "2014.12.05"]
[Round "7.4"]
[Board "7"]
[White "Zajogin, Alexander"]
[Black "Womacka, Mathias"]
[Result "1/2-1/2"]
[BlackTitle "GM"]
[WhiteElo "2393"]
[BlackElo "2439"]
[WhiteTeam "FC Bayern Muenchen"]
[BlackTeam "SK Schwaebisch Hall"]
[WhiteFideId "13500430"]
[BlackFideId "4611390"]
[EventDate "2014.10.18"]
[EventType "team"]

1. d4 Nf6 2. c4 e6 3. Nc3 Bb4 4. e3 c5 5. Ne2 cxd4 6. exd4 O-O 7. a3 Be7 8. Nf4
Re8 9. Bd3 Nc6 10. O-O b6 11. d5 Ne5 12. Be2 Bb7 13. b4 exd5 14. Ncxd5 Nxd5 15.
Nxd5 Rc8 16. Ne3 Bf6 17. Ra2 Rc7 18. Rd2 Ng6 19. Nd5 Bxd5 20. Rxd5 Ne7 21. Rd6
Nf5 22. Rd5 Ne7 23. Rd3 Ng6 24. f4 Rxc4 25. Rxd7 Bd4+ 26. Kh1 Qxd7 27. Bxc4 Rd8
28. Qh5 Qc6 29. Bb3 Qc3 30. Bd5 Bf6 31. Rd1 Re8 32. h3 Re1+ 33. Kh2 Rxd1 34.
Qxd1 Qd4 35. Qxd4 Bxd4 36. Kg3 Kf8 37. Kf3 Ne7 38. Ke4 Ba1 39. Bb3 Ke8 40. f5 f6
41. b5 Nc8 42. Bf4 Ke7 43. Bg8 Nd6+ 44. Kd5 Nxb5 45. a4 Nc3+ 46. Kc6 Nxa4 47.
Bd6+ Ke8 48. Bxh7 Kf7 49. Bg6+ Kg8 50. Kb5 1/2-1/2

[Event "Bundesliga 2014-15"]
[Site "Dresden GER"]
[Date "2014.12.06"]
[Round "5.3"]
[Board "2"]
[White "Gajewski, Grzegorz"]
[Black "Fridman, Daniel"]
[Result "1/2-1/2"]
[WhiteTitle "GM"]
[BlackTitle "GM"]
[WhiteElo "2643"]
[BlackElo "2635"]
[WhiteTeam "USV TU Dresden"]
[BlackTeam "SV Muelheim Nord"]
[WhiteFideId "1116207"]
[BlackFideId "11600454"]
[EventDate "2014.10.18"]
[EventType "team"]

1. d4 Nf6 2. c4 e6 3. Nc3 Bb4 4. e3 c5 5. Ne2 cxd4 6. exd4 O-O 7. a3 Be7 8. Nf4
d5 9. cxd5 Nxd5 10. Ncxd5 exd5 11. Bd3 Nc6 12. Be3 Bf6 13. O-O g6 14. Rc1 Qd6
15. Rc5 Be6 16. Nxe6 fxe6 17. Qa4 Nxd4 18. Bxd4 Qf4 19. Qd7 Bxd4 20. Qxe6+ Kh8
21. Rc2 Rad8 22. g3 Qf3 23. Rd2 Rde8 24. Qh3 Re1 25. Qg2 Qxg2+ 26. Kxg2 Rxf1 27.
Bxf1 Bf6 28. h4 Kg7 29. Be2 Rf7 30. Bf3 d4 31. Be4 Rc7 32. Rd1 d3 33. b3 Rd7 34.
Bxd3 Be7 35. a4 Bb4 36. Kf1 h6 37. f3 g5 38. hxg5 hxg5 39. Ke2 Rd6 40. Rc1 Rc6
41. Bc4 a6 42. Rd1 Rd6 43. Bd5 Bc5 44. f4 gxf4 45. gxf4 Kf6 46. Kf3 Rd7 47. Rd2
b6 48. Rd1 Bb4 49. Rd4 Bc5 50. Rd2 Bb4 51. Rd1 Bc5 52. Ke4 Re7+ 53. Kd3 Kf5 54.
Rf1 Rd7 55. Kc4 Be3 56. Bc6 Rd4+ 57. Kc3 Rxf4 58. Rxf4+ Ke5 1/2-1/2

[Event "Bundesliga 2014-15"]
[Site "Dresden GER"]
[Date "2014.12.07"]
[Round "6.3"]
[Board "8"]
[White "Georgiadis, Nico"]
[Black "Uhlmann, Wolfgang"]
[Result "1-0"]
[WhiteTitle "IM"]
[BlackTitle "GM"]
[WhiteElo "2459"]
[BlackElo "2322"]
[WhiteTeam "SG Solingen"]
[BlackTeam "USV TU Dresden"]
[WhiteFideId "1300113"]
[BlackFideId "4611284"]
[EventDate "2014.10.18"]
[EventType "team"]

1. e4 e6 2. d4 d5 3. Nc3 Bb4 4. exd5 exd5 5. Bd3 Ne7 6. Qf3 Be6 7. Ne2 Qd7 8.
O-O Nbc6 9. a3 Bxc3 10. bxc3 Bf5 11. Ng3 Bxd3 12. cxd3 O-O 13. Ra2 Rfe8 14. Re2
Ng6 15. Rfe1 Rxe2 16. Qxe2 Qe7 17. Qd1 Qd7 18. Qe2 f6 19. Nh5 Kf7 20. h3 Qe7 21.
Qd1 Qd6 22. Qg4 Rd8 23. f4 Rg8 24. f5 Nf8 25. Nf4 Nd8 26. Qe2 Qd7 27. Nxd5 Nc6
28. Nxc7 g6 29. Ne6 Qd5 30. Nc7 Qxf5 31. Bh6 Qd7 32. Qa2+ 1-0

[Event "Bundesliga 2014-15"]
[Site "Trier GER"]
[Date "2015.01.31"]
[Round "8.2"]
[Board "8"]
[White "Boguslavskyy, Oleg"]
[Black "Aguettaz, Maxime"]
[Result "1-0"]
[WhiteTitle "IM"]
[BlackTitle "IM"]
[WhiteElo "2441"]
[BlackElo "2398"]
[WhiteTeam "SV 1930 Hockenheim"]
[BlackTeam "SK Schwaebisch Hall"]
[WhiteFideId "14113929"]
[BlackFideId "617636"]
[EventDate "2014.10.18"]
[EventType "team"]

1. e4 c5 2. Nf3 d6 3. Bb5+ Nd7 4. d4 Nf6 5. O-O cxd4 6. Qxd4 e6 7. c4 Be7 8. Nc3
O-O 9. Bxd7 Bxd7 10. Bg5 Bc6 11. Rfd1 Qa5 12. a3 Rfd8 13. b4 Qc7 14. Rac1 Be8
15. h3 a6 16. Ne2 Bc6 17. Nc3 Be8 18. Qd3 Rac8 19. Ne2 Ba4 20. Re1 h6 21. Bh4
Bd7 22. Bg3 e5 23. Qe3 Re8 24. c5 Bc6 25. cxd6 Bxd6 26. Nc3 Qd7 27. Rcd1 Qe6 28.
Rd3 Bb8 29. Red1 Nh5 30. Nd5 Nf4 31. R3d2 Ba4 32. Re1 g5 33. Nh2 Bc6 34. Ng4
Red8 35. Red1 Kg7 36. Nxf4 gxf4 37. Bxf4 exf4 38. Qc3+ Kg6 39. Rxd8 1-0

[Event "Bundesliga 2014-15"]
[Site "Emsdetten GER"]
[Date "2015.01.31"]
[Round "8.5"]
[Board "5"]
[White "Nisipeanu, Liviu-Dieter"]
[Black "Janssen, Ruud"]
[Result "1-0"]
[WhiteTitle "GM"]
[BlackTitle "GM"]
[WhiteElo "2665"]
[BlackElo "2460"]
[WhiteTeam "OSG Baden-Baden"]
[BlackTeam "SK Turm Emsdetten"]
[WhiteFideId "1202758"]
[BlackFideId "1004816"]
[EventDate "2014.10.18"]
[EventType "team"]

1. d4 Nf6 2. c4 e6 3. Nc3 Bb4 4. e3 b6 5. Ne2 Ba6 6. Ng3 O-O 7. e4 Ne8 8. Bd3
Nc6 9. O-O Bxc3 10. bxc3 Na5 11. Qe2 c5 12. f4 f6 13. d5 Nd6 14. e5 Ndxc4 15.
exf6 Qxf6 16. Ne4 Qe7 17. dxe6 Qxe6 18. f5 Qe8 19. f6 d5 20. f7+ Rxf7 21. Rxf7
Qxf7 22. Ng5 Qe8 23. Bxh7+ Kh8 24. Qf2 Qh5 25. Bf4 Rf8 26. Qg3 Bc8 27. h3 d4 28.
cxd4 Nc6 29. Bd3 Nb2 30. Ne6 Bxe6 31. Bg6 Qxg6 32. Qxg6 Nxd4 33. Be5 1-0

[Event "Bundesliga 2014-15"]
[Site "Solingen GER"]
[Date "2015.01.31"]
[Round "8.8"]
[Board "1"]
[White "Henrichs, Thomas"]
[Black "Navara, David"]
[Result "1/2-1/2"]
[WhiteTitle "IM"]
[BlackTitle "GM"]
[WhiteElo "2492"]
[BlackElo "2718"]
[WhiteTeam "SC Hansa Dortmund"]
[BlackTeam "SV Muelheim Nord"]
[WhiteFideId "4626605"]
[BlackFideId "309095"]
[EventDate "2014.10.18"]
[EventType "team"]

1. d4 Nf6 2. c4 e6 3. Nc3 Bb4 4. e3 O-O 5. Ne2 d5 6. a3 Bd6 7. Ng3 c6 8. Qc2 e5
9. dxe5 Bxe5 10. Be2 Be6 11. O-O dxc4 12. f4 Bc7 13. e4 Ng4 14. Bxg4 Bxg4 15.
Be3 Nd7 16. e5 f6 17. Qe4 Qe8 18. Rae1 Kh8 19. Qxc4 fxe5 20. f5 Nf6 21. Nce4 Nd5
22. Bc5 Bb6 23. Kh1 Rg8 24. Nd6 Qd7 25. b4 Bc7 26. Nde4 b6 27. Ng5 bxc5 28. Qxg4
Nf6 29. Rd1 Qe7 30. Qc4 h6 31. Nf7+ Kh7 32. bxc5 e4 33. Nd6 Ng4 34. Qe6 Bxd6 35.
Qg6+ Kh8 36. Rxd6 Qh4 37. Qh5 Qxh5 38. Nxh5 Rab8 39. Rxc6 Ne3 40. Re1 Nc2 41.
Rc1 e3 42. Re6 Rge8 43. Nf4 Nd4 44. Rxe8+ Rxe8 45. c6 Rc8 46. Ng6+ Kh7 47. Ne7
Rc7 48. Nd5 Rxc6 49. Rxc6 Nxc6 50. Nxe3 Nd4 51. Kg1 h5 52. Kf2 h4 53. g4 hxg3+
54. Kxg3 a5 55. Kf4 Kh6 56. Nc4 a4 57. Nb6 Nb5 58. Nxa4 Nxa3 59. Nc5 1/2-1/2